000 01001nam a2200277Ia 4500
001 Para_10014
003 CHAP
008 220125sSept xx 000 0 und d
010 _a208714
040 _cCHAP
090 _aPA CD - TESIS 96
100 _aAcal Miss, Mayra Guadalupe
_9395
245 _aBiodiversidad de hongos de la rizosfera de la jaca (Artocarpus heterophyllus Lam.), en Auatlán, San Blas, Nayarit /
_c Mayra Guadalupe Acal Miss; Director Santos Gerardo Leyva Mir
260 _aChapingo, Méx. :
_b el autor
300 _a1 CDS ROM (42 p.)
502 _aTesis (Ing. Agr. Esp. en Parasitología Agrícola). UACh. Departamento Parasitología Agrícola
700 _aLeyva Mir, Santos Gerardo. Director
_9171335
710 _aUACh. Departamento Parasitología Agrícola
_9164025
901 _aPA CD - TESIS 96
902 _aM
905 _a513220Septiembre,2011 abn 8100000000 06
910 _aSept
942 _cPARA
942 _cPARA
_d2
999 _c208714
_d208714